[Event "1/16 Finale"]
[Site "www.chess-mail.com"]
[Date "2016.06.06"]
[Round "1"]
[White "Julian"]
[Black "Yomismista"]
[WhiteElo "2090"]
[BlackElo "2560"]
[Result "0-1"]
[Round "1"]
1.e4 c5
2.Ng1f3 d6
3.Bf1c4 e6
4.c3 Ng8f6
5.Qd1e2 Nb8c6
6.d4 cxd4
7.cxd4 d5
8.exd5 Nf6xd5
9.Nb1c3 Bf8e7
10.O-O O-O
11.Rf1d1 a6
12.Bc4b3 h6
13.Nc3xd5 exd5
14.Bc1f4 Bc8e6
15.Ra1c1 Qd8b6
16.Bf4e3 Qb6b5
17.Qe2xb5 axb5
18.Nf3e5 Nc6a5
19.Bb3c2 Na5c4
20.Bc2b3 Nc4xb2
21.Rd1d2 Be7a3
22.Rc1c7 Nb2c4
23.Ne5xc4 bxc4
24.Bb3d1 Rf8b8
25.Bd1c2 Ba3d6
26.Rc7xc4 dxc4
27.d5 Be6d7
28.Rd2d4 b5
29.Bc2b1 Bd6c5
30.Rd4f4 Bc5xe3
31.fxe3 Rb8e8
32.e4 b4
33.e5 Re8xe5
34.Kf2 Bd7b5
{ resign }
0-1

[Event "1/32 Finale"]
[Site "www.chess-mail.com"]
[Date "2016.06.06"]
[Round "1"]
[White "Guidom"]
[Black "Avg"]
[WhiteElo "2080"]
[BlackElo "1840"]
[Result "0-1"]
[Round "1"]
1.e4 d5
2.e5 c5
3.f4 Nb8c6
4.Ng1f3 Bc8f5
5.c3 e6
6.d4 Ng8h6
7.Bf1d3 Bf8e7
8.Bd3xf5 Nh6xf5
9.Qd1a4 Qd8b6
10.b3 cxd4
11.cxd4 Nf5xd4
12.Nf3xd4 Be7b4
{ resign }
0-1

[Event "Tourn. n8706"]
[Site "www.chess-mail.com"]
[Date "2016.06.07"]
[Round "1"]
[White "Gandalf"]
[Black "Azulmarino"]
[WhiteElo "1610"]
[BlackElo "1480"]
[Result "0-1"]
[Round "1"]
1.d4 d5
2.c4 e6
3.Nb1c3 c6
4.e3 Ng8f6
5.Ng1f3 Bf8d6
6.Bf1d3 Bd6b4
7.Bc1d2 a5
8.a3 Bb4d6
9.O-O Nf6g4
10.h3 Ng4f6
11.c5 Bd6c7
12.Qd1e2 b6
13.cxb6 Bc7xb6
14.Nf3e5 Qd8d6
15.Ra1c1 Bb6c7
16.f4 Bc8b7
17.Rf1f2 Nb8d7
18.Qe2e1 h5
19.Nc3a4 Nf6e4
20.Bd3xe4 Bb7a6
21.Ne5xd7 Qd6xd7
22.Na4c5 Qd7d6
23.Be4f3 Bc7b6
24.b4 axb4
25.axb4 f5
26.Rc1a1 Bb6xc5
27.bxc5 { time. }
0-1

[Event "Tourn. n8735"]
[Site "www.chess-mail.com"]
[Date "2016.06.07"]
[Round "1"]
[White "Senitram"]
[Black "Jose"]
[WhiteElo "2700"]
[BlackElo "2740"]
[Result "1/2-1/2"]
[Round "1"]
1.Ng1f3 c5
2.e4 d6
3.Bf1b5 Nb8d7
4.a4 Ng8f6
5.Nb1c3 e6
6.O-O a6
7.Bb5e2 Bf8e7
8.d4 cxd4
9.Qd1xd4 b6
10.Rf1d1 Qd8c7
11.Nf3d2 Nd7e5
12.Nd2c4 Ne5xc4
13.Qd4xc4 Qc7xc4
14.Be2xc4 Bc8b7
15.f3 Ra8c8
16.Bc4e2 O-O
17.Bc1e3 Rc8c6
18.Ra1a3 Rf8c8
19.Ra3b3 Nf6d7
20.Nc3b1 Rc8c7
21.Kf1 Be7f8
22.Nb1a3 g6
23.c3 d5
24.exd5 exd5
25.c4 d4
26.Be3xd4 Nd7c5
27.Bd4xc5 Bf8xc5
28.Na3c2 a5
29.Nc2e3 Kg7
30.Rb3d3 Rc7c8
31.Ne3d5 g5
32.h3 Rc6e6
33.Rd3d2 Bb7c6
34.b3 Re6e5
35.f4 gxf4
36.Nd5xf4 Re5f5
37.g3 Rc8e8
38.Be2g4 Rf5f6
39.Rd2f2 Kf8
40.Rf2e2 Bc6e4
41.Bg4d7 Re8e7
42.Bd7c8 Rf6d6
43.Rd1xd6 Bc5xd6
44.Re2d2 Bd6b4
45.Rd2e2 { draw }
1/2-1/2

[Event "Tourn. n8769"]
[Site "www.chess-mail.com"]
[Date "2016.06.07"]
[Round "1"]
[White "Yangqi"]
[Black "Ejner"]
[WhiteElo "2690"]
[BlackElo "2390"]
[Result "1-0"]
[Round "1"]
1.d4 d5
2.c4 e6
3.Nb1c3 Ng8f6
4.cxd5 exd5
5.Bc1g5 c6
6.Qd1c2 Bf8e7
7.e3 Nb8d7
8.Bf1d3 Nf6h5
9.Bg5xe7 Qd8xe7
10.Ng1e2 g6
11.O-O O-O
12.Ra1b1 a5
13.Nc3a4 Rf8e8
14.Rb1c1 Nh5f6
15.Ne2f4 Qe7d8
16.a3 Nd7b6
17.Na4c5 Nf6g4
18.h3 Ng4h6
19.Rf1e1 Nb6d7
20.b4 axb4
21.axb4 Nd7xc5
22.bxc5 Bc8f5
23.Rc1a1 Bf5xd3
24.Nf4xd3 Qd8c7
25.Qc2b2 b5
26.cxb6 { resign }
1-0

[Event "Tourn. n8739"]
[Site "www.chess-mail.com"]
[Date "2016.06.07"]
[Round "1"]
[White "Sontuozio"]
[Black "Ssharp"]
[WhiteElo "2230"]
[BlackElo "2230"]
[Result "1-0"]
[Round "1"]
1.d4 d5
2.Ng1f3 Ng8f6
3.e3 e6
4.Bf1d3 c5
5.c3 Nb8c6
6.Nb1d2 Bf8d6
7.O-O O-O
8.dxc5 Bd6xc5
9.e4 dxe4
10.Nd2xe4 Nf6xe4
11.Bd3xe4 Qd8b6
12.Be4xh7 Kh8
13.Nf3g5 g6
14.Qd1f3 Bc5e7
15.Qf3h3 Kg7
16.Ng5e4 g5
17.Ne4xg5 { resign }
1-0

[Event "Tourn. n8814"]
[Site "www.chess-mail.com"]
[Date "2016.06.07"]
[Round "1"]
[White "Nulladies"]
[Black "Kampungboy"]
[WhiteElo "1759"]
[BlackElo "1499"]
[Result "0-1"]
[Round "1"]
1.d4 Ng8f6
2.Bc1f4 c5
3.e3 Qd8b6
4.b3 d5
5.Ng1f3 Nb8c6
6.c4 cxd4
7.Nf3xd4 e5
8.Nd4xc6 exf4
9.Nc6d4 Bf8b4
10.Nb1d2 fxe3
11.fxe3 Nf6e4
12.Nd4f3 Ne4c3
13.Qd1c2 Qb6xe3
14.Bf1e2 Qe3xe2
{ resign }
0-1

[Event "Tourn. n8746"]
[Site "www.chess-mail.com"]
[Date "2016.06.07"]
[Round "1"]
[White "Cal"]
[Black "Azulmarino"]
[WhiteElo "1550"]
[BlackElo "1470"]
[Result "1-0"]
[Round "1"]
1.d4 d5
2.h3 e6
3.e3 Nb8c6
4.Bf1b5 Bc8d7
5.a3 a6
6.Bb5a4 b5
7.Ba4b3 Bf8d6
8.Ng1f3 b4
9.a4 a5
10.c3 Ra8b8
11.Nb1d2 bxc3
12.bxc3 Ng8f6
13.O-O O-O
14.c4 dxc4
15.Bb3xc4 e5
16.dxe5 Bd6xe5
17.Nf3xe5 Nc6xe5
18.Bc4e2 Qd8c8
19.Bc1a3 Rf8e8
20.Qd1c2 Bd7f5
21.e4 Nf6xe4
22.Qc2c1 Bf5xh3
23.Nd2xe4 Ne5g4
24.gxh3 Ng4e5
25.Qc1g5 Qc8xh3
26.Ne4f6 Kh8
27.Nf6xe8 Rb8xe8
28.f3 Ne5g4
29.Qg5xg4 Qh3xg4
30.fxg4 Re8xe2
31.Rf1f5 f6
32.Rf5xa5 h6
33.Ra5a8 Kh7
34.Ra1c1 Re2a2
35.Ba3f8 Ra2e2
36.Ra8a7 Re2e8
37.Bf8c5 Re8e4
38.a5 Re4xg4
39.Kf2 Rg4f4
40.Ke3 Rf4f5
41.Ra7xc7 Kg6
42.Rc1g1 Kh7
43.a6 Rf5e5
44.Kf4 Re5e8
45.Rg1xg7 Kh8
46.Rg7h7 Kg8
47.Rc7g7 { resign }
1-0

[Event "Tourn. n8749"]
[Site "www.chess-mail.com"]
[Date "2016.06.07"]
[Round "1"]
[White "Darko10"]
[Black "Piekki"]
[WhiteElo "2560"]
[BlackElo "2270"]
[Result "1-0"]
[Round "1"]
1.e4 c5
2.Ng1f3 Nb8c6
3.Bf1b5 g6
4.O-O Bf8g7
5.Nb1c3 e5
6.d3 Ng8e7
7.Bb5c4 O-O
8.Bc1g5 h6
9.Bg5xe7 Nc6xe7
10.h3 a6
11.a4 b6
12.Nf3h2 g5
13.Qd1h5 d6
14.Nh2g4 Bc8xg4
15.hxg4 { resign }
1-0

[Event "Tourn. n8775"]
[Site "www.chess-mail.com"]
[Date "2016.06.07"]
[Round "1"]
[White "Azulmarino"]
[Black "Grimsby"]
[WhiteElo "1460"]
[BlackElo "1520"]
[Result "1-0"]
[Round "1"]
1.e4 d6
2.Bf1c4 Ng8f6
3.Nb1c3 e5
4.Ng1f3 Bf8e7
5.d3 O-O
6.Bc1e3 Nb8c6
7.Nc3d5 Nc6a5
8.Be3d2 Na5xc4
9.dxc4 Nf6xe4
{ time. }
1-0

[Event "Tourn. n8793"]
[Site "www.chess-mail.com"]
[Date "2016.06.07"]
[Round "1"]
[White "Faerieking"]
[Black "Masteratches"]
[WhiteElo "2280"]
[BlackElo "2650"]
[Result "0-1"]
[Round "1"]
1.e4 c5
2.Ng1f3 Nb8c6
3.d4 cxd4
4.Nf3xd4 Ng8f6
5.Nb1c3 e5
6.Nd4b5 d6
7.Bc1g5 a6
8.Nb5a3 b5
9.Nc3d5 Bf8e7
10.Bg5xf6 Be7xf6
11.c3 O-O
12.Bf1d3 Bf6g5
13.h4 Bg5h6
14.Qd1h5 Nc6e7
15.Nd5xe7 Qd8xe7
16.O-O Ra8b8
17.Na3c2 Bc8e6
18.Nc2b4 Qe7d7
19.Bd3e2 f5
20.f3 Bh6e3
21.Kh1 g6
{ resign }
0-1

[Event "Tourn. n8711"]
[Site "www.chess-mail.com"]
[Date "2016.06.07"]
[Round "1"]
[White "Raven16"]
[Black "Snickers"]
[WhiteElo "2150"]
[BlackElo "2019"]
[Result "1-0"]
[Round "1"]
1.e4 e5
2.Ng1f3 Ng8f6
3.d4 Nf6xe4
4.dxe5 d5
5.Bf1d3 Ne4c5
6.Nb1c3 Nc5xd3
7.Qd1xd3 c6
8.O-O Bf8e7
9.Bc1f4 O-O
10.Rf1e1 Nb8a6
11.a3 Na6c5
12.Qd3d2 Nc5e6
13.Ra1d1 Ne6xf4
14.Qd2xf4 Bc8e6
15.Nc3e4 Qd8c7
16.Ne4g5 Be7xg5
17.Nf3xg5 Qc7e7
18.Re1e3 h6
19.Ng5f3 Rf8d8
20.Nf3d4 c5
21.Nd4b5 d4
22.Re3g3 Kf8
23.Nb5d6 b6
24.Rd1e1 Ra8b8
25.c3 Rd8d7
26.cxd4 cxd4
27.Qf4xd4 Rb8d8
28.Qd4e4 Kg8
29.f4 f6
30.Qe4g6 fxe5
31.fxe5 Be6a2
32.Re1e3 Rd8f8
33.Qg6xh6 Rd7c7
34.Re3e2 Rc7c5
35.Qh6e3 { resign }
1-0

[Event "Tourn. n8654"]
[Site "www.chess-mail.com"]
[Date "2016.06.07"]
[Round "1"]
[White "Falcoale"]
[Black "Watford"]
[WhiteElo "1710"]
[BlackElo "1690"]
[Result "0-1"]
[Round "1"]
1.e4 e5
2.Ng1f3 d6
3.d4 exd4
4.Nf3xd4 Ng8f6
5.Nb1c3 Bf8e7
6.Bf1d3 O-O
7.O-O c5
8.Nd4f5 Bc8xf5
9.exf5 d5
10.Bc1f4 Nb8c6
11.h3 d4
12.Nc3b5 Ra8c8
13.a4 a6
14.Nb5a3 Nc6b4
15.Bd3e2 Nf6d5
16.Na3c4 Nd5xf4
17.Be2g4 d3
18.cxd3 Nb4xd3
19.Qd1c2 b5
20.axb5 axb5
21.Nc4e3 c4
22.f6 Be7xf6
23.Bg4xc8 Qd8xc8
24.Ra1b1 Qc8b7
25.Qc2d2 Rf8e8
26.b3 Qb7c7
27.bxc4 bxc4
28.Ne3g4 Bf6d4
29.Rb1a1 h5
30.Ng4h2 Qc7c6
31.Nh2f3 Bd4xa1
32.Rf1xa1 Qc6g6
33.Nf3h4 Qg6f6
34.Nh4f3 Qf6xa1
35.Kh2 Qa1f1
36.Nf3h4 g5
37.g3 Nd3xf2
38.gxf4 Qf1h1
{ resign }
0-1

[Event "Tourn. n8636"]
[Site "www.chess-mail.com"]
[Date "2016.06.07"]
[Round "1"]
[White "Genius9"]
[Black "Andychesston"]
[WhiteElo "1820"]
[BlackElo "1930"]
[Result "1-0"]
[Round "1"]
1.d4 d5
2.Ng1f3 Nb8c6
3.Bc1f4 e6
4.e3 Bf8b4
5.c3 Bb4a5
6.Bf1b5 a6
7.Bb5xc6 bxc6
8.Qd1a4 Ba5b6
9.Nb1d2 Bc8d7
10.Nf3e5 Ng8e7
11.Ne5xd7 Qd8xd7
12.O-O O-O
13.Nd2f3 f6
14.h3 g5
15.Bf4g3 h5
16.c4 h4
17.Bg3h2 e5
18.dxe5 fxe5
19.Nf3xe5 Qd7e6
20.cxd5 Qe6xd5
21.Rf1d1 Qd5b5
22.Qa4c4 Qb5xc4
23.Ne5xc4 a5
24.Rd1d7 Ne7d5
25.Bh2e5 Rf8f7
26.Rd7xf7 Kxf7
27.Ra1c1 Nd5b4
28.Nc4xb6 cxb6
29.Rc1a1 b5
30.a3 Nb4d5
31.Ra1c1 Ke6
32.Be5d4 Ra8c8
33.Kf1 a4
34.Ke2 b4
35.Bd4c5 b3
36.Rc1c4 Rc8a8
37.Bc5d4 Ra8a6
38.Kd3 Kf5
39.e4 Ke6
40.exd5 cxd5
41.Rc4c1 Ra6a8
42.Rc1c6 Kd7
43.Rc6g6 Ra8f8
44.Rg6xg5 Ke6
45.Rg5g4 Rf8c8
46.Rg4xh4 Rc8c2
47.Rh4h6 Kf5
48.Rh6f6 Kg5
49.f4 Kh4
50.Rf6g6 Rc2f2
51.Bd4xf2 Kh5
52.Rg6g5 { resign }
1-0

[Event "Tourn. n8770"]
[Site "www.chess-mail.com"]
[Date "2016.06.07"]
[Round "1"]
[White "Grimsby"]
[Black "Azulmarino"]
[WhiteElo "1520"]
[BlackElo "1470"]
[Result "0-1"]
[Round "1"]
1.d4 d5
2.Nb1c3 Ng8f6
3.g3 Bc8g4
4.Bf1g2 Nb8c6
5.Ng1f3 e6
6.O-O Bf8d6
7.h3 Bg4f5
8.Nc3b5 a6
9.Nb5xd6 Qd8xd6
10.c3 O-O
11.Bc1f4 Qd6d7
12.Nf3e5 { time. }
0-1

[Event "Tourn. n8733"]
[Site "www.chess-mail.com"]
[Date "2016.06.07"]
[Round "1"]
[White "Picifarkinca"]
[Black "Matchbox"]
[WhiteElo "1720"]
[BlackElo "1820"]
[Result "1-0"]
[Round "1"]
1.d4 Ng8f6
2.Bc1f4 d5
3.Ng1f3 c6
4.e3 Bc8g4
5.Nb1d2 e6
6.Bf1d3 Bf8d6
7.h3 Bg4xf3
8.Qd1xf3 O-O
9.O-O Qd8e7
10.c4 Bd6xf4
11.Qf3xf4 Nb8a6
12.a3 Na6c7
13.Ra1c1 Ra8c8
14.Nd2f3 dxc4
15.Bd3xc4 Nc7d5
16.Qf4h4 Rf8d8
17.Rf1d1 h6
18.Nf3e5 Nf6d7
19.Qh4g3 Nd7xe5
20.Qg3xe5 Qe7f6
21.Qe5h2 Qf6e7
22.b4 Qe7d6
23.Bc4b3 Qd6xh2
24.Kxh2 Kf8
25.Kg1 Nd5f6
26.Kf1 Ke7
{ time. }
1-0

[Event "Tourn. n8809"]
[Site "www.chess-mail.com"]
[Date "2016.06.07"]
[Round "1"]
[White "B0zata"]
[Black "Yangqi"]
[WhiteElo "2270"]
[BlackElo "2650"]
[Result "0-1"]
[Round "1"]
1.c4 g6
2.d4 Bf8g7
3.Ng1f3 c5
4.e3 Ng8f6
5.Nb1c3 cxd4
6.Nf3xd4 O-O
7.Bf1e2 d6
8.f4 Nb8c6
9.O-O Qd8b6
10.Nd4xc6 bxc6
11.Kh1 Ra8b8
12.Qd1c2 Bc8f5
13.e4 Nf6xe4
14.Nc3xe4 d5
15.Be2d3 dxe4
16.Bd3xe4 Bf5xe4
17.Qc2xe4 e6
18.Ra1b1 Qb6a6
19.a3 Rb8b3
20.Qe4c2 Rf8b8
21.Bc1d2 Rb3xb2
22.Rb1xb2 Rb8xb2
23.Qc2d3 Qa6b6
24.Bd2e3 Rb2b3
25.Be3xb6 Rb3xd3
26.Bb6xa7 Rd3xa3
27.Ba7c5 Ra3c3
28.Rf1a1 h5
29.Ra1a8 Kh7
30.g3 Rc3xc4
31.Bc5e7 Rc4c1
32.Kg2 Rc1c2
33.Kh1 c5
34.Ra8c8 c4
35.Be7a3 Rc2a2
36.Ba3b4 c3
37.Bb4xc3 Ra2c2
38.Bc3xg7 Rc2xc8
39.Bg7f6 Rc8c2
40.Kg1 Kg8
41.Kh1 Kf8
42.h3 Ke8
43.g4 hxg4
44.hxg4 Kd7
45.g5 Kd6
46.Kg1 Kd5
47.Bf6e5 Ke4
48.Kf1 Ke3
49.Be5d6 Rc2f2
50.Kg1 Rf2xf4
51.Kg2 Rf4g4
52.Kh3 Rg4xg5
53.Kh4 Rg5f5
54.Kg4 e5
55.Bd6c5 Kd3
56.Kg3 e4
57.Kg2 Rf5xc5
{ resign }
0-1

[Event "Tourn. n8692"]
[Site "www.chess-mail.com"]
[Date "2016.06.07"]
[Round "1"]
[White "Milkyway"]
[Black "Hundegana"]
[WhiteElo "1809"]
[BlackElo "1910"]
[Result "0-1"]
[Round "1"]
1.d4 c5
2.dxc5 Qd8a5
3.c3 Qa5xc5
4.Bc1e3 Qc5c7
5.Ng1f3 Ng8f6
6.Be3d4 Nb8c6
7.Bd4xf6 exf6
8.e3 a6
9.Bf1e2 Bf8e7
10.O-O O-O
11.Nb1d2 d5
12.Nd2b3 Bc8e6
13.Nb3d4 Nc6xd4
14.exd4 Rf8b8
15.Qd1d2 b5
16.a3 a5
17.Ra1c1 Qc7b6
18.h3 Rb8e8
19.Be2d3 g6
20.Rf1e1 Kg7
21.Re1d1 Ra8c8
22.Rd1e1 Be7d6
23.Bd3f1 Rc8c7
24.g3 b4
25.axb4 axb4
26.Bf1g2 bxc3
27.bxc3 Re8b8
28.Kh2 Qb6b2
29.Rc1c2 Qb2b3
30.Rc2c1 Be6f5
31.Re1e3 Qb3b2
32.Qd2xb2 Rb8xb2
33.Kg1 Rc7b7
34.c4 Rb2b1
35.Re3e1 Rb1xc1
36.Re1xc1 dxc4
37.Rc1xc4 Rb7b1
38.Kh2 Rb1b2
39.Kg1 h5
40.Nf3h4 Bf5d3
41.Rc4c6 Bd6f8
42.Rc6c7 g5
43.Nh4f3 h4
44.gxh4 gxh4
45.Nf3xh4 Rb2b1
46.Kh2 Bf8d6
{ resign }
0-1

[Event "Tourn. n8759"]
[Site "www.chess-mail.com"]
[Date "2016.06.07"]
[Round "1"]
[White "Yangqi"]
[Black "Piekki"]
[WhiteElo "2690"]
[BlackElo "2290"]
[Result "1-0"]
[Round "1"]
1.e4 c5
2.d4 cxd4
3.c3 d5
4.exd5 Qd8xd5
5.cxd4 Nb8c6
6.Ng1f3 Bc8g4
7.Nb1c3 Qd5a5
8.d5 O-O-O
9.Bc1d2 Nc6e5
10.Nc3b5 Qa5b6
11.Qd1c2 { resign }
1-0

[Event "Tourn. n8759"]
[Site "www.chess-mail.com"]
[Date "2016.06.07"]
[Round "1"]
[White "Faerieking"]
[Black "Tartan"]
[WhiteElo "2270"]
[BlackElo "2340"]
[Result "0-1"]
[Round "1"]
1.e4 c5
2.Ng1f3 e6
3.d4 cxd4
4.Nf3xd4 Nb8c6
5.Nb1c3 a6
6.Nd4xc6 bxc6
7.Bf1d3 d5
8.exd5 cxd5
9.O-O Ng8f6
10.Bc1g5 Bf8e7
11.Qd1f3 Bc8b7
12.Ra1d1 Ra8c8
13.Rf1e1 Qd8b6
14.Bg5c1 O-O
15.Re1e5 d4
16.Nc3e4 Nf6d7
17.Re5h5 f5
18.Qf3h3 fxe4
19.Rh5xh7 Nd7f6
20.Rh7xg7 Kxg7
{ resign }
0-1

[Event "Tourn. n8644"]
[Site "www.chess-mail.com"]
[Date "2016.06.07"]
[Round "1"]
[White "Ciappo"]
[Black "Yangqi"]
[WhiteElo "2440"]
[BlackElo "2650"]
[Result "1/2-1/2"]
[Round "1"]
1.c4 g6
2.g3 Bf8g7
3.Bf1g2 d6
4.Nb1c3 e5
5.d3 f5
6.e4 Nb8c6
7.Ng1e2 Ng8f6
8.O-O O-O
9.Ra1b1 fxe4
10.Nc3xe4 Nf6xe4
11.Bg2xe4 Bc8h3
12.Rf1e1 a6
13.Bc1e3 Qd8d7
14.Qd1d2 Ra8e8
15.b4 Nc6e7
16.a4 c6
17.b5 axb5
18.axb5 Rf8f7
19.bxc6 bxc6
20.Be4h1 Re8f8
21.Rb1a1 Qd7c8
22.Ne2c3 Ne7f5
23.Be3b6 Bg7h6
24.Qd2e2 Kh8
25.Nc3e4 c5
26.Ne4xd6 Nf5xd6
27.Qe2xe5 Bh6g7
28.Qe5xc5 Qc8g4
29.Qc5xd6 Rf7f6
30.Qd6c7 Rf6xb6
31.Qc7xb6 Bg7d4
32.Ra1a8 Rf8xa8
33.Qb6d6 Ra8g8
34.c5 Qg4d7
35.Qd6xd7 Bh3xd7
36.c6 Rg8f8
37.Re1e2 Bd7g4
38.Re2c2 Kg7
39.Bh1e4 Bg4d1
40.Rc2d2 Bd1b3
41.Rd2e2 Kf6
42.Kg2 Bd4c3
43.h4 Rf8a8
44.f4 Ra8c8
45.g4 Bb3d1
46.g5 Ke6
47.Re2a2 Rc8c7
48.Ra2a8 Bd1h5
49.Ra8e8 Kd6
{ draw }
1/2-1/2

[Event "Match"]
[Site "www.echecsemail.com"]
[Date "2016.06.07"]
[Round "1"]
[White "Gambitmiau"]
[Black "Hundegana"]
[WhiteElo "1820"]
[BlackElo "1960"]
[Result "0-1"]
[Round "1"]
1.e4 c5
2.Ng1f3 d6
3.Bf1c4 e6
4.d4 cxd4
5.Nf3xd4 Bc8d7
6.Bc4b5 a6
7.Bb5c4 e5
8.Qd1f3 Ng8f6
9.Nd4f5 Bd7xf5
10.Qf3xf5 Qd8d7
11.Qf5f3 Bf8e7
12.Bc1g5 h6
13.Bg5xf6 Be7xf6
14.a4 Nb8c6
15.c3 Nc6a5
16.Bc4a2 O-O
17.O-O Kh8
18.Nb1d2 Ra8c8
19.b4 Na5c6
20.Ba2d5 Nc6e7
21.Nd2c4 Qd7c7
22.Qf3g4 Ne7xd5
23.exd5 Qc7xc4
24.Qg4xc4 Rc8xc4
25.Ra1c1 Rf8c8
26.h3 Rc4xc3
27.Rc1d1 Rc3b3
28.b5 axb5
29.axb5 Rb3xb5
30.f4 e4
31.Rd1d4 Bf6xd4
32.Kh2 Rc8c2
{ resign }
0-1

[Event "Match"]
[Site "www.echecsemail.com"]
[Date "2016.06.07"]
[Round "1"]
[White "Pare123"]
[Black "Genius9"]
[WhiteElo "2000"]
[BlackElo "1770"]
[Result "0-1"]
[Round "1"]
1.c4 f5
2.Nb1c3 Ng8f6
3.Ng1f3 e6
4.d4 Bf8b4
5.Bc1d2 Bb4xc3
6.Bd2xc3 O-O
7.e3 b6
8.Bf1e2 Bc8b7
9.O-O Nf6e4
10.Qd1c2 d6
11.Rf1d1 Qd8e7
12.Nf3d2 Ne4xc3
13.Qc2xc3 Nb8d7
14.Be2f3 Bb7xf3
15.Nd2xf3 Nd7f6
16.b4 Nf6e4
17.Qc3c2 a5
18.b5 g5
19.a4 g4
20.Nf3d2 Ne4xd2
21.Rd1xd2 Ra8d8
22.Ra1e1 Rf8f6
23.Qc2d1 Qe7g7
24.d5 e5
25.Qd1c2 Rd8f8
26.Rd2e2 h5
27.g3 h4
28.Kg2 hxg3
29.fxg3 Qg7h7
30.Re1h1 Qh7h3
31.Kf2 f4
32.exf4 exf4
33.gxf4 Qh3f3
34.Kg1 Qf3xf4
35.h4 Qf4f1
{ resign }
0-1

[Event "Match"]
[Site "www.echecsemail.com"]
[Date "2016.06.07"]
[Round "1"]
[White "Cardiff"]
[Black "Paco"]
[WhiteElo "1660"]
[BlackElo "1840"]
[Result "0-1"]
[Round "1"]
1.d4 d5
2.Ng1f3 Nb8c6
3.Bc1f4 Bc8f5
4.c3 Bf5e4
5.Nb1d2 e6
6.Nd2xe4 dxe4
7.Nf3e5 Nc6xe5
8.Bf4xe5 f6
9.Be5g3 Bf8d6
10.e3 f5
11.Qd1b3 b6
12.Qb3xe6 Qd8e7
13.Qe6xe7 Ng8xe7
14.Bg3h4 O-O-O
15.Bh4xe7 Bd6xe7
16.Bf1c4 Be7g5
17.O-O-O f4
18.exf4 Bg5xf4
19.Kb1 g5
20.g3 Bf4d6
21.Rh1e1 Rd8e8
22.Bc4d5 h5
23.Bd5xe4 Re8f8
24.f3 h4
25.Re1g1 hxg3
26.hxg3 a5
27.g4 a4
28.Rg1h1 Rh8h4
29.Rh1xh4 gxh4
30.Be4f5 { time. }
0-1

[Event "Match"]
[Site "www.echecsemail.com"]
[Date "2016.06.07"]
[Round "1"]
[White "Gambitmiau"]
[Black "Llord"]
[WhiteElo "1820"]
[BlackElo "1840"]
[Result "1-0"]
[Round "1"]
1.e4 e5
2.d4 exd4
3.c3 dxc3
4.Bf1c4 cxb2
5.Bc1xb2 Bf8c5
6.Bb2xg7 Qd8h4
7.Qd1f3 d6
8.Qf3xf7 Kd8
9.Bg7xh8 Qh4xe4
10.Ng1e2 Bc8d7
11.Qf7xg8 Bd7e8
12.Bh8f6 Kd7
13.O-O a6
14.Qg8g7 Kc6
15.Ne2d4 Kb6
16.Nb1c3 { resign }
1-0

[Event "Match"]
[Site "www.echecsemail.com"]
[Date "2016.06.07"]
[Round "1"]
[White "Chtoubidou"]
[Black "Masterchess"]
[WhiteElo "1890"]
[BlackElo "1800"]
[Result "1-0"]
[Round "1"]
1.e4 e5
2.Bf1c4 Ng8f6
3.d3 c6
4.Nb1c3 Bf8b4
5.Ng1e2 d5
6.exd5 cxd5
7.Bc4b5 Bc8d7
8.Bb5xd7 Nb8xd7
9.Bc1d2 O-O
{ time. }
1-0

[Event "Match"]
[Site "www.echecsemail.com"]
[Date "2016.06.07"]
[Round "1"]
[White "Birya"]
[Black "Watford"]
[WhiteElo "1809"]
[BlackElo "1600"]
[Result "0-1"]
[Round "1"]
1.d4 Ng8f6
2.c4 e6
3.Ng1f3 b6
4.g3 Bc8b7
5.Bf1g2 Bf8b4
6.Bc1d2 Bb4xd2
7.Nb1xd2 O-O
8.O-O d6
 { time }
0-1

[Event "Match"]
[Site "www.echecsemail.com"]
[Date "2016.06.07"]
[Round "1"]
[White "Masterchess"]
[Black "Hundegana"]
[WhiteElo "1750"]
[BlackElo "1920"]
[Result "0-1"]
[Round "1"]
1.Nb1c3 f5
2.d4 g6
3.e4 d6
4.Bf1d3 Bf8g7
5.exf5 gxf5
6.Ng1e2 Ng8f6
7.O-O O-O
8.Ne2g3 e6
9.Bc1g5 h6
10.Bg5xf6 Qd8xf6
11.Ng3e2 Nb8c6
12.d5 exd5
13.Qd1d2 a6
14.f4 Bc8e6
15.Ra1b1 d4
16.Nc3d1 b5
17.a3 Ra8e8
18.Ne2g3 Qf6g6
19.Nd1f2 Be6d5
20.Rb1e1 Re8xe1
21.Rf1xe1 h5
22.Nf2h3 h4
23.Ng3f1 { time. }
0-1

[Event "Match"]
[Site "www.echecsemail.com"]
[Date "2016.06.07"]
[Round "1"]
[White "Masterchess"]
[Black "Ericleo1980"]
[WhiteElo "1800"]
[BlackElo "2210"]
[Result "0-1"]
[Round "1"]
1.e4 c5
2.Ng1f3 d6
3.Nb1c3 Ng8f6
4.d4 cxd4
5.Nf3xd4 a6
6.h3 e6
7.Bc1e3 Nb8c6
8.g4 Qd8a5
9.Nd4b3 Qa5c7
10.Bf1g2 b5
11.f4 Bc8b7
12.O-O Bf8e7
13.a3 O-O
14.g5 { time. }
0-1

[Event "Match"]
[Site "www.echecsemail.com"]
[Date "2016.06.07"]
[Round "1"]
[White "Fkarpov"]
[Black "Birya"]
[WhiteElo "2090"]
[BlackElo "1809"]
[Result "1-0"]
[Round "1"]
1.e4 c5
2.Ng1f3 e6
3.Nb1c3 Nb8c6
4.Bf1c4 Ng8f6
5.O-O d6
6.Rf1e1 Bf8e7
7.d4 cxd4
8.Nf3xd4 a6
9.Nd4xc6  { time }
1-0

[Event "Match"]
[Site "www.echecsemail.com"]
[Date "2016.06.07"]
[Round "1"]
[White "Ericleo1980"]
[Black "Leeds"]
[WhiteElo "2270"]
[BlackElo "1720"]
[Result "1-0"]
[Round "1"]
1.e4 d6
2.d4 Ng8f6
3.Nb1c3 g6
4.Bc1e3 Bf8g7
5.f3 c6
6.a4 O-O
7.Bf1d3 e5
8.dxe5 dxe5
9.Ng1e2 Qd8e7
10.O-O Rf8d8
11.Qd1c1 Nb8d7
12.Be3h6 Nd7c5
13.Bh6xg7 Kxg7
14.Qc1e3 Nc5xd3
15.cxd3 Bc8e6
16.d4 exd4
17.Ne2xd4 Rd8d7
18.Rf1d1 a6
19.Rd1d2 Ra8d8
20.Nd4xe6 Qe7xe6
21.Ra1d1 Rd7xd2
22.Rd1xd2 Rd8xd2
23.Qe3xd2 Qe6b3
24.e5 Nf6d5
25.Nc3xd5 cxd5
26.a5 Qb3c4
27.Qd2c3 Qc4xc3
28.bxc3 g5
29.Kf2 h5
30.g4 hxg4
31.fxg4 Kf8
32.Ke3 Ke7
33.Kd4 Ke6
34.h3 { resign }
1-0

[Event "Match"]
[Site "www.echecsemail.com"]
[Date "2016.06.07"]
[Round "1"]
[White "Krystek23"]
[Black "Genius2"]
[WhiteElo "2270"]
[BlackElo "2080"]
[Result "0-1"]
[Round "1"]
1.c4 e6
2.Nb1c3 d5
3.d4 c5
4.cxd5 cxd4
5.Qd1xd4 Nb8c6
6.Qd4d2 exd5
7.Qd2xd5 Bc8e6
8.Qd5b5 a6
9.Qb5xb7 Nc6b4
10.Qb7e4 Ng8f6
11.Bc1f4 Nf6xe4
{ resign }
0-1

[Event "Match"]
[Site "www.echecsemail.com"]
[Date "2016.06.07"]
[Round "1"]
[White "Umutkrc"]
[Black "Jhzes"]
[WhiteElo "1800"]
[BlackElo "1930"]
[Result "1-0"]
[Round "1"]
1.e3 e5
2.Nb1c3 c6
3.d4 exd4
4.Qd1xd4 d5
5.Ng1f3 Ng8f6
6.Nf3e5 Bc8f5
7.e4 Nf6xe4
8.Nc3xe4 Bf5xe4
9.f3 Be4xc2
10.Bf1d3 Bc2xd3
11.Qd4xd3 Qd8e7
12.Kf2 Nb8d7
13.Ne5xc6 Qe7c5
14.Nc6d4 O-O-O
15.Bc1g5 Nd7e5
16.Qd3f5 Ne5d7
17.Ra1c1 Qc5xc1
18.Rh1xc1 Kb8
19.Bg5xd8 { resign }
1-0

[Event "Match"]
[Site "www.echecsemail.com"]
[Date "2016.06.07"]
[Round "1"]
[White "Ditto"]
[Black "Matchbox"]
[WhiteElo "1620"]
[BlackElo "1690"]
[Result "1-0"]
[Round "1"]
1.e4 e6
2.Ng1f3 d5
3.e5 c5
4.c4 d4
5.d3 Nb8c6
6.Bc1f4 Ng8e7
7.Bf1e2 Ne7g6
8.Bf4g5 Bf8e7
9.O-O Be7xg5
10.a3 Nc6xe5
11.Nf3xe5 Ng6xe5
12.f4 Bg5xf4
13.Rf1xf4 Ne5g6
14.Rf4f1 O-O
15.Nb1d2 e5
16.Nd2e4 Qd8c7
17.Be2f3 Ng6f4
18.Ne4g3 Bc8e6
19.Bf3e4 f5
20.Be4f3 Ra8d8
21.Qd1b3 b6
22.Ra1d1 g6
23.Qb3b5 Qc7d7
24.Bf3c6 Qd7d6
25.Bc6f3 Qd6d7
26.Qb5b3 Qd7d6
27.Qb3a4 Rf8f7
28.Qa4a6 Be6c8
29.Qa6a4 a5
30.Bf3c6 Rf7c7
31.Bc6d5 Nf4xd5
32.cxd5 Qd6xd5
33.Qa4b5 Qd5c6
34.Qb5c4 Bc8e6
35.Qc4c2 Qc6d5
36.Qc2d2 c4
37.dxc4 Rc7xc4
38.Qd2g5 Rc4c2
39.Ng3h5 Kf7
{ time. }
1-0

[Event "1/64 Finale"]
[Site "www.chess-mail.com"]
[Date "2016.06.07"]
[Round "1"]
[White "Mitja"]
[Black "Oroden"]
[WhiteElo "1960"]
[BlackElo "2079"]
[Result "0-1"]
[Round "1"]
1.d4 Ng8f6
2.e3 d5
3.h3 e6
4.Ng1f3 c5
5.dxc5 Bf8xc5
6.c3 O-O
7.b3 Nb8c6
8.Bc1b2 e5
9.Bf1e2 Bc8f5
10.O-O Bc5b6
11.Be2b5 Bb6c7
12.Rf1e1 e4
13.Nf3d4 Bf5xh3
14.gxh3 Nc6xd4
15.cxd4 Qd8d6
16.f4 exf3
17.Qd1xf3 Qd6h2
18.Kf1 Qh2xb2
19.Nb1d2 Qb2xd2
{ resign }
0-1

[Event "Tourn. n8717"]
[Site "www.chess-mail.com"]
[Date "2016.06.08"]
[Round "1"]
[White "B0zata"]
[Black "Blackpool"]
[WhiteElo "1799"]
[BlackElo "1740"]
[Result "1-0"]
[Round "1"]
1.c4 e6
2.Nb1c3 d5
3.cxd5 exd5
4.d4 Ng8f6
5.Ng1f3 Bf8e7
6.g3 Nf6e4
7.Bf1g2 O-O
8.O-O Nb8c6
9.Nf3d2 Ne4xc3
10.bxc3 Be7f6
11.Bc1a3 Rf8e8
12.e3 Nc6e7
13.Ba3xe7 Re8xe7
14.Ra1b1 c6
15.c4 Bc8e6
16.cxd5 Be6xd5
17.Qd1c2 Bd5xg2
18.Kxg2 Qd8d7
19.Nd2e4 Qd7e6
20.Ne4c5 Qe6d5
21.Kg1 b6
22.Nc5d3 Ra8c8
23.Rf1c1 Re7d7
24.Nd3b4 Qd5d6
25.Qc2e4 Rd7c7
26.Rc1c2 Rc7e7
27.Rc2xc6 Rc8xc6
28.Qe4xc6 Qd6xc6
29.Nb4xc6 Re7c7
30.d5 g6
31.Rb1b3 Kf8
32.Rb3a3 Kg7
33.Ra3xa7 Rc7xa7
34.Nc6xa7 Bf6d8
35.a4  { time }
1-0